UK TV Sitcoms 2 - Statistics

General Stats
  • This quiz has been taken 111 times
  • The average score is 5 of 15
Answer Stats
Question Answer % Correct
Name the comedy, set in a small hospital ward, (three patients) and Richard Wilson playing the doctor? Only When I Laugh
78%
In BBCs Open All Hours, what car did Nurse Gladys drive? Morris Minor
65%
Deryck Guyler played the hapless school caretaker in which school-based sitcom? Please Sir
60%
ITVs 'single-header' comedy, starring Hywel Bennett? Shelley
41%
In BBCs Porridge, Christopher Biggins played which character? Lukewarm
40%
In series 1-4, who played Jakey Smith in ITVs Get Some In? Robert Lindsay
40%
The bald-headed boss of Grace Brothers in BBCs AYBS? Mr Rumbold
34%
In BBCs Hi-de-hi, what was the name of the first Entertainment Manager, played by Simon Cadell? Geoffrey Fairbrother
33%
Who played 'Uncle Derek' in ITVs 'Me and My Girl', starring Richard O'Sullivan? Tim Brooke-Taylor
20%
Same show, which former Eastenders actress, occasionally appeared as Mildreds mum? Gretchen Franklin
19%
Hi-de-hi again, what was the childrens entertainer called? Mr Partridge
19%
Which ITV franchise was responsible for Rising Damp? Yorkshire
18%
In ITVs George and Mildred, what was Mildreds 'posh' sister called? Ethel
16%
Same show, who played Jakey Smith in series 5? Karl Howman
14%
Pat Coombs and Peggy Mount starred in which sitcom 77-81? You're Only Young Twice
9%
No matching quizzes found
Score Distribution
Percent of People with Each Score
Percentile by Number Answered
Your Score History
You have not taken this quiz